| 000 | 00747nam a2200241 a 4500 | ||
|---|---|---|---|
| 001 | BRL_1721 | ||
| 005 | 20190320211335.0 | ||
| 008 | 290514t1979----mx-a######---#000-0#spa-# | ||
| 041 | _aspa | ||
| 044 | _amx | ||
| 050 | 4 |
_aF1219 _b.C66 17 1979 |
|
| 245 | 1 | 0 |
_aComunicaciones 17 / 1979 _bProyecto Puebla Tlaxcala. |
| 260 |
_aPuebla, México _bFundación Alemana para la Investigación Científica _c1979 |
||
| 300 |
_a150 p. _bil., planos _c28 cm. |
||
| 500 | _aAu272 | ||
| 650 | 1 | 4 |
_aIndígenas de México _xAntigüedades _9509 |
| 650 | 1 | 4 |
_aGeología _zMéxico _95672 |
| 651 | 4 |
_aMéxico _xAntigüedades _92765 |
|
| 651 | 4 |
_aPuebla (México : Estado) _927728 |
|
| 651 | 4 |
_aTlaxcala (México : Estado) _927729 |
|
| 902 | _aGRL | ||
| 942 |
_2lcc _cB |
||
| 999 |
_c10529 _d10529 |
||